000 00946nam a2200253 a 4500
005 20180803164916.0
008 140228b1999 ck ||||| |||| 00| 0 spa d
040 _aCO-BoIAVH
_cCO-BoIAVH
041 _aspa
044 _ack
082 0 4 _a660.6
_bA66b
100 1 _aAramendis Ramírez, Rafael H.
_96787
110 _bOrganización de los Estados Americanos
_99668
245 1 0 _aBioseguridad:
_bun nuevo escenario de confrontación internacional entre las consideraciones comerciales, medioambientales y socioeconómicas
260 _aBogotá:
_bOEA,
_bCOLCIENCIAS,
_c1999.
300 _a93 p.
_c21 cm.
650 4 _aBioseguridad
_933442
650 4 _aMedio ambiente
_992195
650 4 _aAspectos socioeconómicos
_933444
650 4 _aAcceso a recursos genéticos
_94137
662 _cAmérica Latina
710 1 _aInstituto Colombiano para el Desarrollo de la Ciencia y la Tecnología "Francisco José de Caldas"
_94581
942 _cLIBRO
_2ddc
999 _c1493
_d1493